| 000 | 00806nam a22002292 4500 | ||
|---|---|---|---|
| 001 | 0000001969 | ||
| 005 | 20151217151835.0 | ||
| 008 | 070329s xx 000 0 eng d | ||
| 020 |
_a1403902682 : _cKES 8,125 |
||
| 040 |
_aKABU _cKABU |
||
| 050 | 0 |
_aHE9713 _b.C87 |
|
| 100 | 1 |
_aCurwen, Peter J. _@0000151095 |
|
| 245 | 1 | 4 |
_aThe Future of mobile communications : _bawaiting the third generation / _cPeter Curwen. |
| 260 |
_aHoundmills, Basingstoke, Hampshire : _aNew York : _bPalgrave Macmillan, _c2002. |
||
| 300 |
_axxiii, 225 p. ; _c23 cm. |
||
| 504 | _aIncludes bibliographical references and index. | ||
| 650 | 0 |
_aTelephone, Wireless. _@0000151096 |
|
| 650 | 0 |
_aWireless communication systems. _@0000151097 |
|
| 908 | _a070329 | ||
| 950 | _@1 | ||
| 999 |
_c5555 _d5555 |
||